Giải phẫu người
Сохранить в:
| Главный автор: | |
|---|---|
| Формат: | |
| Язык: | Undetermined |
| Опубликовано: |
Hà Nội
Giáo dục
1977
|
| Предметы: | |
| Метки: |
Добавить метку
Нет меток, Требуется 1-ая метка записи!
|
| Thư viện lưu trữ: | Trung tâm Học liệu Trường Đại học Cần Thơ |
|---|
| LEADER | 00501nam a2200169Ia 4500 | ||
|---|---|---|---|
| 001 | CTU_46006 | ||
| 008 | 210402s9999 xx 000 0 und d | ||
| 082 | |a 611.007 | ||
| 082 | |b Nh300 /T.2 | ||
| 100 | |a Trần, Xuân Nhĩ | ||
| 245 | 0 | |a Giải phẫu người | |
| 245 | 0 | |c Trần Xuân Nhĩ, Nguyễn Quang Vinh | |
| 260 | |a Hà Nội | ||
| 260 | |b Giáo dục | ||
| 260 | |c 1977 | ||
| 650 | |a Anatomy, human,Body, human | ||
| 980 | |a Trung tâm Học liệu Trường Đại học Cần Thơ | ||